[Event "FIDE World Blitz 2014"]
[Site "Dubai UAE"]
[Date "2014.06.19"]
[Round "4.4"]
[White "Lu Shanglei"]
[Black "Mamedyarov,S"]
[Result "1-0"]
[WhiteElo "2546"]
[BlackElo "2743"]

1.e4 c6 2.Nc3 d5 3.Nf3 Bg4 4.h3 Bxf3 5.Qxf3 e6 6.d4 dxe4 7.Qxe4 Nf6 8.Qd3 Na6
9.a3 Qa5 10.Be2 O-O-O 11.Qc4 Nc7 12.O-O Qf5 13.Bd3 Qh5 14.Bf4 Bd6 15.Bxd6 Rxd6
16.Ne4 Nxe4 17.Bxe4 Qh4 18.f4 Kb8 19.c3 Nd5 20.Rf3 Nxf4 21.Raf1 g5 22.Bb1 f5
23.Qc5 Rhd8 24.Qe5 Ka8 25.Ba2 a6 26.a4 Ng6 27.Qf6 e5 28.Qxf5 exd4 29.g3 Qh6
30.c4 d3 31.c5 Rd4 32.Rd1 d2 33.Bb3 Qh5 34.g4 Qh6 35.Qf6 R4d7 36.Be6 Rd3
37.Rxd3 Rxd3 38.Bf5 Rd5 39.Be4 Rxc5 40.Qd8+ Ka7 41.Qd4 b6 42.Qd7+ Kb8 43.Qe8+ Kc7
44.Rxd2 Rd5 45.Bxd5 Qxh3 46.Qxc6+  1-0

[Event "FIDE World Blitz 2014"]
[Site "Dubai UAE"]
[Date "2014.06.19"]
[Round "5.6"]
[White "Mamedyarov,S"]
[Black "Sargissian,G"]
[Result "0-1"]
[WhiteElo "2743"]
[BlackElo "2686"]

1.d4 d5 2.c4 e6 3.Nc3 Nf6 4.cxd5 exd5 5.Bf4 Bd6 6.Qd2 c6 7.e3 Bf5 8.Bg3 O-O
9.f3 Re8 10.Kf2 c5 11.Bb5 Nc6 12.Nge2 Bf8 13.Rhe1 h6 14.Rac1 c4 15.Kg1 a6
16.Bxc6 bxc6 17.Bh4 Be7 18.Na4 Bd3 19.Bg3 Nd7 20.b3 c5 21.Nb2 cxd4 22.Nxd4 Qb6
23.Nxd3 cxd3 24.Qxd3 Nc5 25.Qc2 a5 26.Bf2 Bf8 27.Nf5 Qf6 28.e4 dxe4 29.fxe4 Nd7
30.Bd4 Ne5 31.Rf1 Qg6 32.Qc3 Qe6 33.Qg3 Ng6 34.Rce1 a4 35.h4 h5 36.Qg5 axb3
37.axb3 Qxb3 38.Qxh5 Rad8 39.Kh1 Qd3 40.Rf3 Qd2 41.Bc3 Qc2 42.Qg5 Rd3 43.Rxd3 Qxd3
44.Re3 Qd1+ 45.Kh2 Bc5 46.Nh6+ gxh6 47.Qf6 Qd6+ 48.Qxd6 Bxd6+ 49.Kh3 Be5
50.Be1 Nf4+ 51.Kg4 h5+ 52.Kf5 Ng6 53.Rf3 Bd6 54.Bc3 Be5 55.Be1 Re6 56.Kg5 Bg7
57.Kxh5 Rxe4 58.Bg3 Bf8 59.Bf2 Be7 60.g4 Rf4  0-1

[Event "FIDE World Blitz 2014"]
[Site "Dubai UAE"]
[Date "2014.06.19"]
[Round "6.16"]
[White "Volokitin,And"]
[Black "Mamedyarov,S"]
[Result "0-1"]
[WhiteElo "2638"]
[BlackElo "2743"]

1.e4 c6 2.d4 d5 3.e5 Bf5 4.Nf3 e6 5.Be2 Ne7 6.O-O Bg6 7.Nbd2 Nf5 8.Nb3 Nd7
9.Bd2 Be7 10.g4 Nh6 11.h3 Ng8 12.Ne1 h5 13.gxh5 Be4 14.Bg4 Nh6 15.f3 Bh7
16.Nd3 Nf5 17.Qe1 Qb6 18.Ba5 Qa6 19.Bb4 Bh4 20.Qd2 b6 21.a4 Qc4 22.Bc3 c5
23.dxc5 d4 24.c6 Nc5 25.Ndxc5 bxc5 26.Ba5 Ne3 27.c7 O-O 28.Rfc1 f5 29.exf6 Rxf6
30.Qh2 Qd5 31.Nd2 Bg5 32.Qg3 c4 33.Bb4 Nxc2 34.Qd6 Qxd6 35.Bxd6 Bxd2 36.Rd1 Be3+
37.Kh2 Nxa1 38.Rxa1 Bf5 39.Be5 Rf7 40.Rd1 Rc8  0-1

[Event "FIDE World Blitz 2014"]
[Site "Dubai UAE"]
[Date "2014.06.19"]
[Round "7.11"]
[White "Mamedyarov,S"]
[Black "Potkin,V"]
[Result "1-0"]
[WhiteElo "2743"]
[BlackElo "2621"]

1.d4 d5 2.c4 c6 3.Nf3 Nf6 4.Nbd2 Bf5 5.Nh4 Be6 6.e3 g6 7.Qb3 Qc7 8.Nhf3 Bg7
9.cxd5 cxd5 10.Bb5+ Nc6 11.O-O O-O 12.Qa3 Na5 13.b3 Rfc8 14.Bb2 Bf8 15.Rac1 Qd8
16.b4 Nc4 17.Bxc4 dxc4 18.e4 Bg4 19.Ne5 Bh6 20.f4 b5 21.d5 Qb6+ 22.Kh1 Bd7
23.Qg3 a5 24.Ndf3 axb4 25.Bd4 Qb7 26.Qh4 Bg7 27.Ng5 Be8 28.f5 h6 29.Ngxf7 Bxf7
30.fxg6 Be8 31.Be3 Qc7 32.Bf4 Qb6 33.Bxh6 Qd4 34.Bxg7 Kxg7 35.Rxf6  1-0

[Event "FIDE World Blitz 2014"]
[Site "Dubai UAE"]
[Date "2014.06.19"]
[Round "8.6"]
[White "Van Wely,L"]
[Black "Mamedyarov,S"]
[Result "1/2-1/2"]
[WhiteElo "2654"]
[BlackElo "2743"]

1.d4 d6 2.Nf3 Bg4 3.c4 Bxf3 4.exf3 g6 5.Nc3 Bg7 6.g4 c6 7.d5 Nf6 8.Bg2 cxd5
9.g5 Nfd7 10.Nxd5 Nb6 11.Ne3 Nc6 12.f4 e6 13.O-O O-O 14.Rb1 Qd7 15.b3 Rfe8
16.Qg4 Rad8 17.Rd1 f5 18.gxf6 Bxf6 19.Ba3 Nc8 20.Rd3 Nd4 21.Bb2 e5 22.Qxd7 Rxd7
23.Nd5 Bg7 24.Re1 Rf8 25.Bxd4 exd4 26.Bh3 Rdd8 27.Bxc8 Rxc8 28.Ne7+ Kf7 29.Nxc8 Rxc8
30.Kg2 Rc5 31.Rd2 Bf6 32.h3 Rf5 33.Re4 Ra5 34.a4 Rc5 35.Kf3 a6 36.Kg3 Bg7
37.Kf3 Bf6 38.Rd1 Rh5 39.Kg3 Rc5 40.Rc1 b5 41.axb5 axb5 42.Kf3 d5 43.Ree1 dxc4
44.bxc4 bxc4 45.Red1 Ke6 46.Ke4 Kd6 47.Rxd4+ Bxd4 48.Kxd4 Rd5+ 49.Ke4 Kc5
50.h4 Rd8 51.h5 Re8+ 52.Kf3 gxh5 53.f5 Kb4 54.Rb1+ Ka3 55.Ra1+ Kb2 56.Ra7 c3
57.Rb7+ Ka1 58.Ra7+ Kb1 59.Rb7+ Kc1 60.Rxh7 c2 61.Kf4 Rc8 62.Rxh5 Kb2 63.Rh1 Rd8
64.Re1 Kc3 65.Rc1 Kb2 66.Rxc2+ Kxc2 67.Ke5 Kd3 68.f6 Kc4 69.Ke6 Kc5 70.Ke7 Rd2
71.f7 Rxf2 72.f8=Q  1/2-1/2

[Event "FIDE World Blitz 2014"]
[Site "Dubai UAE"]
[Date "2014.06.19"]
[Round "11.1"]
[White "Carlsen,M"]
[Black "Mamedyarov,S"]
[Result "1-0"]
[WhiteElo "2881"]
[BlackElo "2743"]

1.d4 Nf6 2.Nf3 e6 3.c4 d5 4.Nc3 Bb4 5.cxd5 exd5 6.Bg5 Nbd7 7.Qa4 a5 8.e3 O-O
9.Be2 h6 10.Bh4 g5 11.Bg3 Ne4 12.Qc2 c6 13.O-O Ndf6 14.Ne5 Kg7 15.a3 Bxc3
16.bxc3 Nxg3 17.hxg3 Be6 18.Rab1 Qc8 19.c4 Nd7 20.cxd5 cxd5 21.Qb2 Rb8 22.Rfc1 Qd8
23.Nxd7 Qxd7 24.Qb6 Qd8 25.Rc7 Rc8 26.Rxb7 Rc3 27.Qxe6  1-0

[Event "FIDE World Blitz 2014"]
[Site "Dubai UAE"]
[Date "2014.06.20"]
[Round "12.6"]
[White "Mamedyarov,S"]
[Black "Laznicka,V"]
[Result "1-0"]
[WhiteElo "2743"]
[BlackElo "2679"]

1.d4 d5 2.Bg5 c6 3.e3 Nf6 4.Bxf6 exf6 5.Bd3 Bd6 6.Nd2 f5 7.c4 Be6 8.Ne2 Nd7
9.cxd5 cxd5 10.Nc3 O-O 11.Qf3 g6 12.Nxd5 Qa5 13.Nc3 Ba3 14.Nb3 Qb4 15.Qe2 Rfc8
16.Rc1 Bxb3 17.axb3 Qxb3 18.Rb1 Bxb2 19.Nd1 Bc3+ 20.Kf1 Qd5 21.h4 h5 22.Rh3 Bxd4
23.exd4 Qxd4 24.Qe3 Qxe3 25.Rxe3 Nc5 26.Nc3 a6 27.Be2 b5 28.Re7 Kf8 29.Nd5 Rd8
30.Bf3 Rab8 31.Ra7 Ra8 32.Rc7 Rac8 33.Ra7 Ra8 34.Rxa8 Rxa8 35.Rc1 Ne4 36.Bxe4 fxe4
37.Rc5 Rb8 38.Nc7 b4 39.Nxa6 Rb6 40.Rc8+ Kg7 41.Nxb4 Rxb4 42.g3 Kf6 43.Rc6+ Kf5
44.Rc5+ Kf6 45.Rc6+ Kg7 46.Ke2 Rb3 47.Rc4 f5 48.Rc7+ Kf6 49.Rc6+ Kf7 50.Rc7+ Kf6
51.Rc6+ Kg7 52.Rc7+ Kh6 53.Ra7 Rb8 54.Rf7 Rg8 55.Ke3 Rg7 56.Rf6 Ra7 57.Rb6 Ra3+
58.Ke2 Rc3 59.Ra6 Kg7 60.Ra7+ Kf6 61.Ra6+ Kf7 62.Ra7+ Kf6 63.Ra6+ Kg7 64.Ra7+ Kh6
65.Rb7 Rc2+ 66.Ke3 Rc3+ 67.Ke2 Rc8 68.Ke3 Rg8 69.Kf4 Rg7 70.Rb6 Rd7 71.Ke3 Rd3+
72.Ke2 Kg7 73.Rb7+ Kf6 74.Rb6+ Kf7 75.Rb7+ Ke6 76.Rg7 Kf6 77.Ra7 f4 78.Ra6+ Kf7
79.Ra7+ Ke6 80.Ra6+ Kf7 81.Ra7+ Kf6 82.Ra6+ Kf7 83.Ra7+ Ke6 84.Ra6+ Kf5 85.Ra5+ Kf6
86.Ra6+ Kf5 87.Ra5+ Kg4 88.Rg5+ Kh3 89.gxf4 Rf3 90.Rxg6 Rxf4 91.Ke3 Rf3+
92.Kxe4  1-0

[Event "FIDE World Blitz 2014"]
[Site "Dubai UAE"]
[Date "2014.06.20"]
[Round "13.2"]
[White "Le Quang Liem"]
[Black "Mamedyarov,S"]
[Result "0-1"]
[WhiteElo "2712"]
[BlackElo "2743"]

1.d4 d6 2.Nf3 Bg4 3.e4 Nf6 4.Bd3 e5 5.dxe5 dxe5 6.h3 Bh5 7.O-O Nbd7 8.Nbd2 Bd6
9.b3 Nc5 10.Bb2 Qe7 11.Qe1 Nxd3 12.cxd3 c5 13.Qe3 Nd7 14.Rac1 O-O 15.Nh2 b5
16.Rfe1 a6 17.Nhf1 Bg6 18.Ng3 Qf6 19.Qe2 Rfd8 20.Ndf1 Nf8 21.Ne3 Ne6 22.Nd5 Qg5
23.Qf3 Nd4 24.Bxd4 exd4 25.Nf5 Bxf5 26.exf5 Re8 27.g3 h6 28.Rcd1 h5 29.Kg2 h4
30.g4 Rad8 31.Re4 Be5 32.Re2 Qh6 33.Rde1 Qd6 34.Nf4 Kf8 35.g5 Bxf4 36.Qh5 Rxe2
37.Qh8+ Ke7 38.Rxe2+ Kd7 39.Qxg7 Qd5+ 40.Re4 Qxf5 41.g6 Bd6 42.gxf7 Rf8 43.Qh6 Rxf7
44.Qxh4 Qf3+ 45.Kg1 Qd1+ 46.Kg2 Qf3+ 47.Kg1 Qxd3 48.Qg4+ Kc7 49.h4 Qd2 50.Re2 Qc1+
51.Kg2 d3 52.Re3 d2 53.Qe6 Rg7+  0-1

[Event "FIDE World Blitz 2014"]
[Site "Dubai UAE"]
[Date "2014.06.20"]
[Round "15.4"]
[White "Bacrot,E"]
[Black "Mamedyarov,S"]
[Result "0-1"]
[WhiteElo "2720"]
[BlackElo "2743"]

1.d4 d6 2.e4 Nf6 3.Nc3 c6 4.Nf3 Bg4 5.Be3 e6 6.Be2 d5 7.e5 Nfd7 8.Nd2 Bf5
9.g4 Bg6 10.h4 h6 11.f4 c5 12.Bd3 Bxd3 13.cxd3 Nc6 14.Ne2 Qb6 15.Nb3 c4 16.dxc4 dxc4
17.Nd2 Qa6 18.f5 Nb4 19.Nf4 Nb6 20.fxe6 fxe6 21.a3 N4d5 22.Qf3 Nxf4 23.Bxf4 Be7
24.O-O O-O-O 25.Be3 Kb8 26.h5 Nd5 27.Rac1 Nxe3 28.Qxe3 Bg5 29.Qf2 Qb5 30.Rc2 Bxd2
31.Rxd2 Rd7 32.Qe3 Rhd8 33.Rf4 Qc6 34.Kh2 Rd5 35.Rdf2 a6 36.Rd2 Qb6 37.Kh3 a5
38.Qf2 a4 39.Qe3 Qb3 40.Qxb3 axb3 41.Kg3 Rxe5 42.Rf7 Rb5 43.Rd1 Rc8 44.Rc1 c3
45.Rf2 cxb2 46.Rb1 Rc3+ 47.Kf4 Rc2 48.Rf3 Kc7 49.Ke4 Kd6 50.Kd3 Rg5 51.Rf4 Rg2
52.Kc4 R5xg4 53.Rf8 e5 54.Kxb3 Rxd4 55.Rb8 Kc7 56.Re8 e4 57.Ka2 Rc4 58.Re5 Kd6
59.Re8 Rh2 60.Rd1+ Kc7 61.Re7+ Kb6 62.Rdd7 Rc1 63.Rxb7+ Kc5 64.Rxb2 Rxb2+
65.Kxb2 Rh1 66.Rxg7 Rxh5 67.Rd7 Rd5 68.Re7 Kd4 69.a4 h5 70.Kc2 Ra5 71.Kb3 e3
72.Kb4 Ra8 73.a5 Rb8+ 74.Ka4 h4 75.Rh7 e2 76.Rxh4+ Kc3 77.Rh1 Rb4+ 78.Ka3 Rd4
79.a6 Rd6 80.Rh3+ Kd2  0-1

[Event "FIDE World Blitz 2014"]
[Site "Dubai UAE"]
[Date "2014.06.20"]
[Round "16.1"]
[White "Mamedyarov,S"]
[Black "Nepomniachtchi,I"]
[Result "0-1"]
[WhiteElo "2743"]
[BlackElo "2730"]

1.d4 Nf6 2.Bg5 e6 3.e4 h6 4.Bxf6 Qxf6 5.Nc3 Bb4 6.Qd2 d5 7.e5 Qd8 8.a3 Be7
9.f4 c5 10.dxc5 Bxc5 11.Nf3 Nc6 12.Bd3 Bd7 13.f5 a6 14.O-O-O Qc7 15.fxe6 Bxe6
16.Rhe1 O-O-O 17.h3 Kb8 18.Kb1 Rhe8 19.g4 Nd4 20.Nh2 Bc8 21.g5 hxg5 22.Qxg5 g6
23.h4 Bxa3 24.Bxa6 Ne6 25.Qg3 Bb4 26.Bb5 Bxc3 27.Qxc3 Qxc3 28.bxc3 Rh8 29.Nf3 Nc5
30.Ng5 Be6 31.Rh1 Ne4 32.Nxe4 dxe4 33.Rxd8+ Rxd8 34.Rf1 Rd5 35.Be8 e3 36.Kc1 Rxe5  0-1

[Event "FIDE World Blitz 2014"]
[Site "Dubai UAE"]
[Date "2014.06.20"]
[Round "17.4"]
[White "Anand,V"]
[Black "Mamedyarov,S"]
[Result "1-0"]
[WhiteElo "2785"]
[BlackElo "2743"]

1.e4 d6 2.d4 Nf6 3.Nc3 c6 4.f4 Qa5 5.Bd3 e5 6.Nf3 Bg4 7.Be3 Nbd7 8.O-O Be7
9.h3 Bh5 10.Qe1 exf4 11.Bxf4 Qb6 12.Be3 O-O 13.Nh4 Bg6 14.Nxg6 hxg6 15.Kh1 Qd8
16.Qf2 c5 17.dxc5 dxc5 18.Bf4 Nh5 19.Bh2 Bh4 20.Qf3 Bf6 21.g4 Bxc3 22.bxc3 Nhf6
23.e5 Nh7 24.Rad1 Qe7 25.Qxb7 Rab8 26.Qxa7 Qe6 27.Be4 Nb6 28.Rd6 Qc4 29.Bd3 Qa4
30.Qxa4 Nxa4 31.e6 fxe6 32.Rxf8+ Nxf8 33.c4 Rb2 34.Ra6 Rxa2 35.Bd6 Nc3 36.Rxa2 Nxa2
37.Bxc5 Nd7 38.Bd6 Kf7 39.c5 Nb4 40.Bb5 Nf6 41.c6 Ne4 42.Bxb4  1-0

[Event "FIDE World Blitz 2014"]
[Site "Dubai UAE"]
[Date "2014.06.20"]
[Round "20.5"]
[White "Mamedyarov,S"]
[Black "Wojtaszek,R"]
[Result "1/2-1/2"]
[WhiteElo "2743"]
[BlackElo "2715"]

1.d4 Nf6 2.Bg5 d5 3.Bxf6 gxf6 4.e3 c5 5.dxc5 e6 6.c4 dxc4 7.Qc2 Bxc5 8.Bxc4 Nc6
9.a3 Be7 10.Nf3 Qa5+ 11.Nc3 Bd7 12.O-O O-O 13.Bb5 Rac8 14.Qe4 f5 15.Qf4 a6
16.Bc4 Qc7 17.Qh6 Ne5 18.Ng5 Bxg5 19.Qxg5+ Ng6 20.Rad1 Bc6 21.Rd4 Rcd8 22.Rfd1 Rxd4
23.Rxd4 Qe7 24.h4 Qxg5 25.hxg5 Kg7 26.Rd6 Rc8 27.Be2 h6 28.gxh6+ Kxh6 29.f4 Kg7
30.Bf3 Bxf3 31.gxf3 Rc7 32.Kf2 Kf8 33.Rd8+ Ke7 34.Rb8 Nf8 35.e4 Nd7 36.Rh8 fxe4
37.fxe4 Nc5 38.Ke2 Rd7 39.e5 Nd3 40.Ne4 Nxf4+ 41.Ke3 Ng6 42.Rb8 Nxe5 43.Nc5 Rc7
44.Rxb7 Rxb7 45.Nxb7 Nc4+ 46.Kd4 Nxb2 47.Nc5 Kd6 48.Nxa6 f5 49.Nb4 e5+ 50.Kc3 Na4+
51.Kb3 Nc5+ 52.Kc4 f4 53.Nd5 Ne6 54.a4 e4 55.Nxf4 Nxf4  1/2-1/2

[Event "FIDE World Blitz 2014"]
[Site "Dubai UAE"]
[Date "2014.06.20"]
[Round "21.4"]
[White "Mamedyarov,S"]
[Black "Aronian,L"]
[Result "1/2-1/2"]
[WhiteElo "2743"]
[BlackElo "2815"]

1.d4 Nf6 2.Bg5 g6 3.c4 Ne4 4.Bf4 c5 5.f3 Qa5+ 6.Nd2 Nxd2 7.Bxd2 Qb6 8.Bc3 Bg7
9.e3 Nc6 10.Ne2 cxd4 11.Nxd4 O-O 12.Qd2 Rd8 13.Rd1 a5 14.Be2 d5 15.Nxc6 bxc6
16.Bxg7 Kxg7 17.Qc3+ f6 18.O-O Ba6 19.b3 dxc4 20.Bxc4 Bxc4 21.bxc4 Qb4 22.Qc2 Qc5
23.Qc3 Rd5 24.Rd3 Rxd3 25.Qxd3 Rb8 26.Rd1 Rb2 27.Rd2 Rxd2 28.Qxd2 Qxc4 29.Qxa5 Qc1+
30.Kf2 Qc2+ 31.Kg3 c5 32.a4 c4 33.Qc7 Kf7 34.a5 Qa4 35.Qc5 h5 36.Qd5+ Kf8
37.Qd8+ Kf7 38.Qd5+ Kf8 39.Qd8+ Kf7  1/2-1/2

[Event "41st Olympiad Open 2014"]
[Site "Tromso NOR"]
[Date "2014.08.03"]
[Round "2.9"]
[White "McNab,C"]
[Black "Mamedyarov,S"]
[Result "1/2-1/2"]
[WhiteElo "2441"]
[BlackElo "2743"]

1.c4 Nf6 2.Nf3 g6 3.g3 Bg7 4.Bg2 O-O 5.O-O d6 6.d4 Nbd7 7.Qc2 e5 8.Rd1 Qe7
9.Nc3 exd4 10.Nxd4 c6 11.b3 Re8 12.h3 a5 13.e4 Nc5 14.Re1 Ng4 15.Nf3 Ne5
16.Nxe5 Bxe5 17.f4 Bg7 18.Be3 h5 19.Rad1 Bd7 20.Qd2 Rad8 21.Bd4 f6 22.Qf2 b6
23.Re2 Be6 24.Red2 Bf7 25.Kh2 Bh6 26.Re2 Rf8 27.h4 Bg7 28.Bh3 Rfe8 29.Qf3 Qc7
30.Red2 Qe7  1/2-1/2

[Event "41st Olympiad Open 2014"]
[Site "Tromso NOR"]
[Date "2014.08.04"]
[Round "3.12"]
[White "Mamedyarov,S"]
[Black "Saric,Iv"]
[Result "1/2-1/2"]
[WhiteElo "2743"]
[BlackElo "2671"]

1.d4 Nf6 2.c4 g6 3.Nc3 Bg7 4.Nf3 O-O 5.Bg5 h6 6.Bd2 c5 7.d5 d6 8.Qc1 h5 9.Bh6 a6
10.e4 Qa5 11.Bxg7 Kxg7 12.Bd3 b5 13.Nd2 b4 14.Ne2 e5 15.dxe6 Bxe6 16.h3 Nc6
17.f4 Nh7 18.O-O Qd8 19.Qc2 f5 20.Rae1 h4 21.Nf3 Qf6 22.g3 b3 23.Qxb3 Rab8
24.Qc3 hxg3 25.Nxg3 Qxc3 26.bxc3 fxe4 27.Bxe4 Nd8 28.Bxg6 Bxh3 29.f5 Bxf1
30.Re7+ Nf7 31.Kxf1 Rbe8 32.Nh5+ Kh6 33.Rxe8 Rxe8 34.Bxf7 Re3 35.Kf2 Rxc3
36.Bg8 Kxh5 37.Bxh7 Rxc4 38.Bg8 Rf4 39.Be6 d5 40.Ke3 Re4+ 41.Kd2 Rf4 42.Ne5 c4
43.Kc3 Kg5 44.Bxd5 Rxf5 45.Nf7+ Kf6 46.Bxc4 Ke7 47.Nh6 Rf3+ 48.Kb4 Rf4 49.Kc5 a5
50.Ng8+ Kf8 51.Be6 Rf2 52.Kb5 Re2 53.Bc4 Re5+ 54.Kc6 Rg5 55.a4 Rg4 56.Kb5 Rg5+
57.Kb6 Rg4 58.Kc5 Rg5+  1/2-1/2

[Event "41st Olympiad Open 2014"]
[Site "Tromso NOR"]
[Date "2014.08.05"]
[Round "4.1"]
[White "Vachier Lagrave,M"]
[Black "Mamedyarov,S"]
[Result "0-1"]
[WhiteElo "2768"]
[BlackElo "2743"]

1.Nf3 Nf6 2.g3 g6 3.Bg2 Bg7 4.c4 O-O 5.d4 d6 6.Nc3 Nbd7 7.O-O e5 8.e4 exd4
9.Nxd4 Re8 10.h3 a6 11.Re1 Rb8 12.Rb1 Ne5 13.Bf1 c5 14.Nc2 b5 15.cxb5 axb5
16.b4 c4 17.Nd4 d5 18.Bg5 dxe4 19.Nxe4 Bb7 20.Bg2 Bxe4 21.Rxe4 Qb6 22.Bxf6 Bxf6
23.Qe2 Re7 24.Nc2 Rd8 25.Re1 Rdd7 26.Ne3 Kg7 27.Rd1 Nd3 28.a4 Rxe4 29.Bxe4 Rd4
30.a5 Qd6 31.Qg4 Kh6 32.Nc2 Nxf2 33.Rxd4 Bxd4 34.Qh4+ Kg7 35.Bxg6 Ng4+ 36.Kf1 hxg6
37.Nxd4 Qxd4 38.Qxg4 Qd3+ 39.Qe2 Qxg3 40.a6 Qxh3+ 41.Kg1 Qg3+ 42.Kf1 Qc3
43.Qa2 Qh3+ 44.Kg1 c3 45.Qa1 Qg4+ 46.Kf1 Qf3+ 47.Kg1 Qe3+ 48.Kf1 Kh7  0-1

[Event "41st Olympiad Open 2014"]
[Site "Tromso NOR"]
[Date "2014.08.06"]
[Round "5.1"]
[White "Mamedyarov,S"]
[Black "Ivanisevic,I"]
[Result "1-0"]
[WhiteElo "2743"]
[BlackElo "2613"]

1.d4 Nf6 2.c4 e6 3.Nc3 Bb4 4.Qc2 Nc6 5.Nf3 d6 6.g4 e5 7.dxe5 dxe5 8.g5 Bxc3+
9.bxc3 Nd7 10.Ba3 Nb6 11.Rd1 Bd7 12.Bh3 Bxh3 13.Rxd8+ Rxd8 14.Qe4 Na4 15.Qe3 Rd7
16.Nd4 Bg2 17.Rg1 Kd8 18.Nf5 Be4 19.Nxg7 Bg6 20.Qh3 Nb6 21.Nh5 f5 22.gxf6 Nxc4
23.Be7+ Nxe7 24.fxe7+ Rxe7 25.Nf6 Bf7 26.Rg7 Be6 27.Qh6 Nd6 28.Rxe7 Kxe7
29.Ne4 Nxe4 30.Qg7+  1-0

[Event "41st Olympiad Open 2014"]
[Site "Tromso NOR"]
[Date "2014.08.08"]
[Round "6.1"]
[White "Mamedyarov,S"]
[Black "Jobava,Ba"]
[Result "1-0"]
[WhiteElo "2743"]
[BlackElo "2713"]

1.d4 d6 2.Nf3 Nf6 3.c4 c6 4.Nc3 Bf5 5.d5 h6 6.g3 c5 7.Nh4 Bh7 8.f4 Rg8 9.Nf3 Ne4
10.Qc2 Qa5 11.Bd2 Ng5 12.Qb3 Nxf3+ 13.exf3 Nd7 14.Bh3 O-O-O 15.Nb5 Qa6 16.O-O g5
17.Rfe1 Kb8 18.a4 Nf6 19.a5 g4 20.fxg4 Nxg4 21.Qa4 h5 22.b4 h4 23.Rac1 cxb4
24.Bxg4 Rxg4 25.Be3 b6 26.Qd1 Qc8 27.axb6 hxg3 28.h3 Rh4 29.Qa4 Qd7 30.c5 Rxh3
31.f5 Bxf5 32.c6 a5 33.Qxa5  1-0

[Event "41st Olympiad Open 2014"]
[Site "Tromso NOR"]
[Date "2014.08.09"]
[Round "7.1"]
[White "Dominguez Perez,L"]
[Black "Mamedyarov,S"]
[Result "1-0"]
[WhiteElo "2760"]
[BlackElo "2743"]

1.e4 c5 2.Nf3 d6 3.d4 cxd4 4.Nxd4 Nf6 5.Nc3 a6 6.f3 Qb6 7.g4 Nc6 8.Nb3 e6
9.Qe2 Qc7 10.Be3 b5 11.O-O-O Nd7 12.Qf2 Nce5 13.Kb1 Be7 14.Rg1 g5 15.h4 h6
16.Rh1 Rg8 17.hxg5 hxg5 18.Rh3 Rb8 19.Nd4 b4 20.Na4 Nf6 21.b3 Bd7 22.Bxa6 d5
23.Qh2 Bd6 24.Qe2 Qa5 25.Rh6 Ke7 26.exd5 Bxa4 27.dxe6 fxe6 28.bxa4 Nd5 29.Nc6+ Nxc6
30.Bxg5+ Kf8 31.Qxe6  1-0

[Event "41st Olympiad Open 2014"]
[Site "Tromso NOR"]
[Date "2014.08.10"]
[Round "8.1"]
[White "Wang Yue"]
[Black "Mamedyarov,S"]
[Result "1/2-1/2"]
[WhiteElo "2718"]
[BlackElo "2743"]

1.d4 d5 2.c4 c6 3.Nc3 Nf6 4.cxd5 cxd5 5.Bf4 Nc6 6.Nf3 Ne4 7.e3 Nxc3 8.bxc3 e6
9.Bd3 Bd6 10.Bxd6 Qxd6 11.O-O O-O 12.Rc1 e5 13.dxe5 Nxe5 14.Be2 Rd8 15.Nxe5 Qxe5
16.Qb3 b6 17.c4 Be6 18.cxd5 Bxd5 19.Bc4 h6 20.h4 Bxc4 21.Rxc4 b5 22.Rb4 a6
23.a4 Rd5 24.axb5 Rxb5 25.Rd1 Rxb4 26.Qxb4 a5 27.Qa4 Qe8 28.Qxe8+ Rxe8 29.Ra1 Re4
30.Rxa5 Rxh4 31.Ra8+  1/2-1/2

[Event "41st Olympiad Open 2014"]
[Site "Tromso NOR"]
[Date "2014.08.11"]
[Round "9.4"]
[White "Mamedyarov,S"]
[Black "Lupulescu,C"]
[Result "1/2-1/2"]
[WhiteElo "2743"]
[BlackElo "2625"]

1.d4 Nf6 2.c4 e6 3.Nc3 Bb4 4.f3 d5 5.a3 Bxc3+ 6.bxc3 c5 7.cxd5 Nxd5 8.dxc5 Qa5
9.e4 Nf6 10.Be3 O-O 11.Kf2 Nfd7 12.Rb1 Rd8 13.Rb5 Qxa3 14.Ne2 a6 15.Rb1 Qa5
16.Ra1 Ne5 17.Rxa5 Rxd1 18.Ng3 Bd7 19.Ra2 Rb1 20.Be2 Rxh1 21.Nxh1 Bc6 22.Ng3 a5
23.Nf1 a4 24.Nd2 Na6 25.Nc4 Nxc4 26.Bxc4 Nc7 27.Bf4 Nb5 28.Bd2 Ra5 29.Be2 Nc7
30.c4 Ra8 31.Bb4 e5 32.Bd1 Ne6 33.Rd2 f6 34.Ba3 Kf7 35.Ke3 g5 36.g3 h5 37.Rd6 Rh8
38.Kd3 h4 39.g4 Ke7 40.Kc3 Ra8 41.Kb4 Nd4 42.Bb2 Ne6 43.Ba3 Nc7 44.Kc3 Kf7
45.Bc2 Ne8 46.Rd1 Ke7 47.Kb4 Nc7 48.Rd6 Na6+ 49.Kc3 Rd8 50.Rd5 Ra8  1/2-1/2

[Event "41st Olympiad Open 2014"]
[Site "Tromso NOR"]
[Date "2014.08.12"]
[Round "10.2"]
[White "Ivanchuk,V"]
[Black "Mamedyarov,S"]
[Result "0-1"]
[WhiteElo "2744"]
[BlackElo "2743"]

1.d4 d5 2.c4 c6 3.Nf3 Nf6 4.e3 Bg4 5.cxd5 cxd5 6.Qb3 Qc7 7.Bb5+ Nbd7 8.Nc3 Bxf3
9.gxf3 a6 10.Bxd7+ Qxd7 11.Na4 Qb5 12.Qxb5+ axb5 13.Nc5 e5 14.Nxb7 exd4 15.exd4 Kd7
16.Rg1 g6 17.Bg5 Nh5 18.Kd2 Ra7 19.Nc5+ Bxc5 20.dxc5 Rha8 21.a3 Kc6 22.Rg4 Ng7
23.Rd1 Ne6 24.Be3 Ra4 25.Kc3 d4+  0-1

[Event "TCh-TUR Super League 2014"]
[Site "Kocaeli TUR"]
[Date "2014.08.21"]
[Round "4.1"]
[White "Ding Liren"]
[Black "Mamedyarov,S"]
[Result "1/2-1/2"]
[WhiteElo "2742"]
[BlackElo "2743"]

1.d4 d5 2.c4 c6 3.Nf3 Nf6 4.Nc3 e6 5.Bg5 Nbd7 6.e3 Qa5 7.Nd2 Bb4 8.Qc2 c5
9.Bf4 cxd4 10.exd4 O-O 11.Be2 Re8 12.O-O Bxc3 13.bxc3 e5 14.Be3 exd4 15.cxd4 Nb8
16.Nb3 Qc7 17.Rac1 Bg4 18.Bd3 dxc4 19.Qxc4 Qxc4 20.Bxc4 Be6 21.Bb5 Rd8 22.Nc5 Bd5
23.Bf4 a6 24.Ba4 b5 25.Bb3 Nc6 26.Be5 Na5 27.Bxf6 Nxb3 28.Bxd8 Nxc1 29.Rxc1 Rxd8
30.Nxa6 Bxa2 31.Rc5 Bc4 32.f3 Kf8 33.Nc7 Rb8 34.Kf2 Ke7 35.Ke3 Kd7 36.Kd2 Rc8
37.Na6 Re8 38.Kc3 Re3+ 39.Kb4 h6 40.Nc7 Rb3+ 41.Ka5 Rb2 42.g4 Rd2 43.Nxb5 Bxb5
44.Kxb5 Rxd4 45.Rc4 Rd2 46.h4 Rd5+ 47.Kb4 f5 48.Kc3 fxg4 49.Rxg4 g5 50.hxg5 hxg5
51.f4 gxf4 52.Rxf4 Kd6 53.Rd4 Rxd4 54.Kxd4 Kc6  1/2-1/2

[Event "TCh-TUR Super League 2014"]
[Site "Kocaeli TUR"]
[Date "2014.08.22"]
[Round "6.2"]
[White "Inarkiev,E"]
[Black "Mamedyarov,S"]
[Result "1/2-1/2"]
[WhiteElo "2666"]
[BlackElo "2743"]

1.c4 e5 2.Nc3 Nf6 3.g3 d5 4.cxd5 Nxd5 5.Bg2 Nb6 6.Nf3 Nc6 7.O-O Be7 8.d3 O-O
9.Be3 Be6 10.Rc1 Qd7 11.a3 f6 12.Nd2 Bh3 13.Bxh3 Qxh3 14.b4 Kh8 15.Qb3 Rad8
16.Nf3 f5 17.Bc5 Bxc5 18.bxc5 Nd7 19.Qxb7 Rf6 20.Ng5 Qh5 21.h4 Nxc5 22.Qb5 Nd7
23.Qb7 Nc5 24.Qb5 Nd7 25.Nf3 Nb6 26.Qc5 Nd7 27.Qb5 Nb6 28.Rfe1 h6 29.a4 a5
30.Kg2 Qe8 31.Red1 Rfd6 32.e3 R8d7 33.Ne2 Qa8 34.Nc3 Nb4 35.d4 exd4 36.Rxd4 Rxd4
37.exd4 f4 38.g4 Rxd4 39.Re1 Rd8 40.Re6 N6d5 41.Nxd5 Qxd5 42.Qxd5 Rxd5 43.Ne5 Nd3
44.Nxd3 Rxd3 45.Re5 Ra3 46.Rxa5 c5 47.Rxc5 Rxa4 48.h5 Kh7 49.Rc7 Ra3 50.Rf7 Kg8
51.Rxf4 Kh7 52.Rf7 Rb3 53.f3 Rb2+ 54.Kg3 Kg8 55.Re7 Kf8 56.Rd7 Kg8 57.Kf4 Kh7
58.Ke5 Rb5+ 59.Rd5 Rb3 60.f4 Rg3 61.Kf5 Rh3 62.g5 hxg5 63.fxg5 g6+ 64.hxg6+ Kg7
65.Rd7+ Kg8 66.g7 Ra3 67.Kf6 Ra6+ 68.Kf5 Ra1 69.Kg6 Ra6+ 70.Kh5 Rb6 71.g6 Rb5+
72.Kh6 Rh5+ 73.Kxh5  1/2-1/2

[Event "TCh-TUR Super League 2014"]
[Site "Kocaeli TUR"]
[Date "2014.08.23"]
[Round "7.4"]
[White "Mamedyarov,S"]
[Black "Yilmaz,M"]
[Result "1-0"]
[WhiteElo "2743"]
[BlackElo "2569"]

1.d4 d5 2.c4 c6 3.Nf3 Nf6 4.Qb3 dxc4 5.Qxc4 Bg4 6.Nc3 Nbd7 7.Bf4 Nb6 8.Qd3 Nbd5
9.Nxd5 Qxd5 10.Ne5 Rd8 11.e3 e6 12.f3 Bb4+ 13.Kf2 Bf5 14.Qb3 Qxb3 15.axb3 a6
16.Bxa6 bxa6 17.Nxc6 a5 18.Nxd8 Kxd8 19.e4 Bxe4 20.fxe4 Nxe4+ 21.Kf3 Nf6
22.Be5 Ne8 23.Rhc1 Kd7 24.Rc4 f6 25.Bg3 h5 26.h4 Rh6 27.Be1 Bxe1 28.Rxe1 Nd6
29.Rc5 Nb7 30.Rc3 Rg6 31.Rec1 Kd6 32.Rc7 Nd8 33.Rc8 Nf7 34.R8c6+ Kd5 35.R1c4 Rg4
36.Rc7 Nh6 37.Rd7+  1-0

[Event "TCh-TUR Super League 2014"]
[Site "Kocaeli TUR"]
[Date "2014.08.25"]
[Round "8.3"]
[White "Zhigalko,S"]
[Black "Mamedyarov,S"]
[Result "1/2-1/2"]
[WhiteElo "2678"]
[BlackElo "2743"]

1.e4 e5 2.Nf3 Nf6 3.Nxe5 d6 4.Nf3 Nxe4 5.Nc3 Nxc3 6.dxc3 Be7 7.Be3 Nc6 8.Qd2 Be6
9.O-O-O Qd7 10.Kb1 h6 11.h4 a6 12.Nd4 Nxd4 13.Bxd4 O-O 14.Be2 Rfe8 15.Bf3 Bf8
16.Qf4 d5 17.c4 Bd6 18.Be5 dxc4 19.Bxd6 cxd6 20.Qxd6 Qb5 21.Rhe1 Bf5 22.g4 Rxe1
23.Rxe1 Be6 24.Qe5 Qxe5 25.Rxe5 Rd8  1/2-1/2

[Event "TCh-TUR Super League 2014"]
[Site "Kocaeli TUR"]
[Date "2014.08.26"]
[Round "9.3"]
[White "Mamedyarov,S"]
[Black "Grachev,B"]
[Result "1/2-1/2"]
[WhiteElo "2743"]
[BlackElo "2672"]

1.d4 d5 2.c4 e6 3.Nc3 Nf6 4.cxd5 exd5 5.Bg5 c6 6.Qc2 Be7 7.e3 Nbd7 8.Bd3 h6
9.Bf4 Nh5 10.Nf3 Nxf4 11.exf4 O-O 12.O-O-O Bb4 13.g4 Nf6 14.h3 Bxc3 15.bxc3 Ne4
16.f5 c5 17.Bxe4 dxe4 18.dxc5 Qa5 19.Nd2 Bd7 20.Nb3 Qc7 21.Qd2 Rad8 22.Qe3 Ba4
23.Rxd8 Rxd8 24.Rd1 Rxd1+ 25.Kxd1 Qh2 26.Kc1 Bb5 27.Nd2 Qh1+ 28.Kb2 Bd3 29.Nb3 Bf1
30.g5 hxg5 31.Qxg5 Qxh3 32.Nd2 Bd3 33.f3 f6 34.Qe3 Qxf5 35.fxe4 Qd7 36.c4 f5
37.e5 Be4 38.Nxe4  1/2-1/2

[Event "TCh-TUR Super League 2014"]
[Site "Kocaeli TUR"]
[Date "2014.08.29"]
[Round "13.1"]
[White "Mamedyarov,S"]
[Black "Harikrishna,P"]
[Result "1-0"]
[WhiteElo "2743"]
[BlackElo "2725"]

1.d4 Nf6 2.c4 e6 3.Nc3 Bb4 4.f3 d5 5.a3 Bxc3+ 6.bxc3 c5 7.cxd5 Nxd5 8.dxc5 f5
9.Qc2 O-O 10.e4 fxe4 11.fxe4 Qh4+ 12.g3 Qf6 13.Bg2 Qxc3+ 14.Qxc3 Nxc3 15.Be3 Bd7
16.Rc1 Nb5 17.a4 Nc7 18.Bf4 Nca6 19.Bd6 Re8 20.e5 Bc6 21.Bxc6 Nxc6 22.Ne2 Nab4
23.Kd2 Rad8 24.Ke3 Rd7 25.Ke4 Nd5 26.Rhf1 Red8 27.Rb1 Rc8 28.Rb5 h6 29.h4 h5
30.Rfb1 b6 31.Rc1 Nd8 32.Nd4 a6 33.Rb3 bxc5 34.Rxc5 Rxc5 35.Bxc5 Kf7 36.a5 Kg6
37.Bb6 Kf7 38.Rf3+ Nf6+ 39.exf6 gxf6 40.Bxd8 Rxd8 41.Rb3 f5+ 42.Ke3 Rg8 43.Ne2 Rg4
44.Rb7+ Kf6 45.Rb6 f4+ 46.gxf4  1-0